Städte in der Pokémon Galar-Region auf einer Karte - Statistiken

Allgemein
  • Dieses Quiz wurde 250 mal gespielt
  • Das Durchschnittsergebnis liegt bei 10 aus 12
Antworten auf der Karte
Die Antworten werden auf der Karte rot bzw. grün angezeigt, abhängig davon wie oft sie richtig erraten wurden.
 
Antwortstatistiken
Antwort % Korrekt
Fairballey
90%
Kampfturm
90%
Engine City
88%
Score City
84%
Brassbury
81%
Claw City
79%
Spikeford
78%
Circhester
76%
Passbeck
76%
Keelton
74%
Turffield
71%
Furlongham
69%
Keine übereinstimmenden Quizze gefunden
Verteilung der Resultate
Anzahl Personen mit jedem Resultat
Perzentil nach korrekt beantworteten Fragen
Ihre Resultats-Entwicklung
Sie haben dieses Quiz noch nicht gespielt